Les lacs internationaux dans le monde - Statistiques

Statistiques générales
  • Ce quiz a été pris 82 fois
    74 depuis la dernière actualisation
  • Le résultat moyen est 6 sur 13
Statistiques - réponses
Réponse Superficie % Correct
Victoria 69 485 km²
88%
Supérieur 82 100 km²
82%
Érié 25 719 km²
70%
Titicaca 8 135 km²
64%
Huron 59 600 km²
62%
mer Caspienne 371 000 km²
62%
Ontario 19 477 km²
62%
Tanganyika 32 893 km²
50%
Malawi 30 044 km²
48%
Albert 5 299 km²
18%
Turkana 6 405 km²
18%
Nasser 5 248 km²
14%
Kariba 5 400 km²
10%
Aucun quiz correspondant
Distribution des résultats
% des personnes avec chaque résultat
Percentile par nombre de réponses
Votre historique - résultats
Vous n’avez pas pris ce quiz depuis la dernière actualisation